Najnovšie nebezpečenstvá informačnej spoločnosti a ich eliminovanie diplomová práca

Guardado en:
Detalles Bibliográficos
Autor principal: Rácová, Ivana
Autor Corporativo: Obchodná fakulta EU. Katedra informatiky obchodných firiem
Otros Autores: Pólya, Attila
Formato: Libro
Lenguaje:eslovaco
Publicado: Bratislava 2012
Etiquetas: Agregar Etiqueta
Sin Etiquetas, Sea el primero en etiquetar este registro!

MARC

LEADER 00000nbm a2200000 4500
001 0159184
005 20161109102231.8
041 0 |a slo 
044 |a SK 
245 1 0 |a Najnovšie nebezpečenstvá informačnej spoločnosti a ich eliminovanie  |b diplomová práca  |c Ivana Rácová ; školiteľ: Attila Pólya 
264 1 |a Bratislava  |c 2012 
300 |a 79 s. 
100 1 |a Rácová, Ivana 
700 1 |a Pólya, Attila 
710 2 |a Obchodná fakulta EU. Katedra informatiky obchodných firiem